En busca de una legislación que fortalezca la participación y acción de la sociedad civil

Saved in:
Bibliographic Details
Corporate Author: Fundación Arias para la Paz y el Desarrollo Humano
Format: Text
Published: San José: Fundación Arias para la Paz
Tags: Add Tag
No Tags, Be the first to tag this record!

MARC

LEADER 00000 a a2200000 04500
001 23464
003
040
020 |a 9977-17-024-x  
090 |a 163600  
110 |a Fundación Arias para la Paz y el Desarrollo Humano  
245 |a En busca de una legislación que fortalezca la participación y acción de la sociedad civil  
260 |a San José:   |b Fundación Arias para la Paz  
300 |a 86 p.  
999 |c 11623  |d 11623